Loading...
Keralathile nalambalathil /
| Main Author: | |
|---|---|
| Format: | Printed Book |
| Language: | Malayalam |
| Published: |
S.P.C.S. ,
1974.
|
| Subjects: |
| LEADER | 00527nam a2200157Ia 4500 | ||
|---|---|---|---|
| 008 | 150624b xxu||||| |||| 00| e mal d | ||
| 082 | |a 854.24P1 | ||
| 100 | |a Pathmanabha Pilla, Kainikkara | ||
| 245 | |c Kainikkara Pathmanabha Pilla |a Keralathile nalambalathil / | ||
| 260 | |b S.P.C.S. , |c 1974. | ||
| 300 | |a 116 p. | ||
| 546 | |a In Malayalam. | ||
| 650 | |v Essays | ||
| 942 | |c BK | ||
| 999 | |c 73833 |d 73833 | ||
| 952 | |0 1 |1 0 |4 1 |6 854_000000000000000_24P1_KER_M |7 0 |9 73779 |a UL |b UL |c ST1 |d 1998-09-15 |l 0 |o 854.24P1 KER M |p 15697 |r 2012-10-27 |w 2012-10-27 |y BK | ||